| 000 | 00560nam a2200181Ia 4500 | ||
|---|---|---|---|
| 003 | GCL | ||
| 008 | 140319s9999 xx 000 0 ara d | ||
| 040 |
_aGCL / _cGCL |
||
| 082 | 0 | 4 |
_a350.755 _bو د |
| 100 | 1 | _aوزارة الثقافة | |
| 245 | 1 | 0 |
_aالدفاع عن المدن والقرى الصغيرة / _cوزارة الثقافة |
| 300 | _a40 ص | ||
| 490 |
_aاستعد لحماية الوطن _v0 |
||
| 650 | 0 | 4 | _aالدفاع المدنى |
| 650 | 0 | 4 | _aالدفاع العسكرى |
| 650 | 0 | 4 | _aالتدريب العسكرى |
| 942 |
_2ddc _cBK |
||
| 999 |
_c40706 _d40706 |
||